Organic fertiliser and biofertilisers : A techno-commercial source book (Record no. 42042)

MARC details
000 -LEADER
fixed length control field 00389nam a2200121Ia 4500
020 ## - INTERNATIONAL STANDARD BOOK NUMBER
ISBN 818511644X
082 ## - DEWEY DECIMAL CLASSIFICATION NUMBER
Classification number 631.86(058)
Item number TAn
100 ## - MAIN ENTRY--AUTHOR NAME
Personal name Tandon, H L S
245 #0 - TITLE STATEMENT
Title Organic fertiliser and biofertilisers : A techno-commercial source book
260 ## - PUBLICATION, DISTRIBUTION, ETC. (IMPRINT)
Place of publication New Delhi
Name of publisher Fertiliser Development & Consultation Organisation
Year of publication 1999
942 ## - ADDED ENTRY ELEMENTS (KOHA)
Koha item type Books
Holdings
Withdrawn status Lost status Damaged status Not for loan Home library Current library Date acquired Cost, normal purchase price Full call number Accession Number Koha item type
        RRII Library RRII Library 16/12/2021 300.00 631.86(058) TAn 22321 Books